Oldest Presidents - Statistics

General Stats
  • This quiz has been taken 107 times
  • The average score is 4 of 6
Answer Stats
Age President % Correct
78 Joe Biden
100%
70 Donald Trump
97%
69 Ronald Reagan
90%
64 George H.W. Bush
80%
68 William Henry Harrison
51%
65 James Buchanan
30%
No matching quizzes found
Score Distribution
Percent of People with Each Score
Percentile by Number Answered
Your Score History
You have not taken this quiz